00313nam a22001217a 450000500170000000800410001704100120005808200130007010000120008324500460009530000240014165000260016520240827140953.0240827b |||||||| |||| 00| 0 eng d aEnglish a349 LAW  lEnglish aThe Laws of the Republic of Namibia 2006  b35 pages; c30 cm.  aLegal practice bLaw